Idees de justícia social

Saved in:
Bibliografiske detaljer
Hovedforfatter: Nebrera, Montserrat (autora)
Format: Bog
Sprog:catalansk
Udgivet: Barcelona INEHCA 2000
Fag:
Tags: Tilføj Tag
Ingen Tags, Vær først til at tagge denne postø!

MARC

LEADER 00000nam a2200000 a 4500
001 UCM0566
003 CL-VaPUC
008 020301e20000000SP |||||||||||||||||cat|d
082 0 4 |a 323.4  |b NEB  |2 21 
100 |a Nebrera, Montserrat  |e autora  |9 467444 
245 1 0 |a Idees de justícia social 
300 |a 221 p 
942 |c BK 
945 |d 20020301 00:00:00  |a cmena 
260 |a Barcelona  |b INEHCA  |c 2000 
650 0 |a Derechos civiles  |9 255655 
650 7 |a DERECHOS POLITICOS  |2 CL-VaPUC  |9 314666 
650 0 |a Filosofía del derecho   |9 255050 
650 0 |a Justicia social  |9 314874 
583 |a last modification  |c 20020301 00:00:00  |k Rodrigo Vera 
999 |c 299456  |d 299454 
952 |0 0  |1 0  |4 0  |6 323_400000000000000_NEB_2000  |7 0  |8 DER_TF  |9 356008  |a BIBDER  |b BIBDER  |d 2019-11-21  |i 3779130  |o 323.4 NEB 2000  |p 3779130  |r 2023-01-25  |w 2019-11-21  |x Ubicación 4to Piso  |y BK  |z Estos recursos deben solicitarse con anticipación  |k DER